Don't dodge the draft (Record no. 75015)

MARC details
000 -LEADER
fixed length control field 01118cab a2200193 4500
001 - CONTROL NUMBER
control field L129246
008 - FIXED-LENGTH DATA ELEMENTS--GENERAL INFORMATION
fixed length control field 050404n2005 000 0 eng u
035 ## - SYSTEM CONTROL NUMBER
System control number (Sirsi) u129246
041 ## - LANGUAGE CODE
Language code of text/sound track or separate title eng
100 ## - MAIN ENTRY--PERSONAL NAME
Personal name Cottam, Guy
245 ## - TITLE STATEMENT
Title Don't dodge the draft
260 ## - PUBLICATION, DISTRIBUTION, ETC.
Date of publication, distribution, etc. 2005
490 ## - SERIES STATEMENT
Series statement Construction News
Volume/sequential designation 31 March 2005, 14(1)
520 ## - SUMMARY, ETC.
Summary, etc. With reference to a recent CA decision, "George Wimpey UK Ltd v VI Construction Ltd" ([2005] EWCA Civ 77, The Times 16 February 2005) advises parties to be careful in the creation of contracts. They are often badly drafted, not checked for errors and once signed it is usually too late to rectify the problems. In "Wimpey" an enhancement factor was not properly included in the contract. An application was made to incorporate these, but VI Construction successfully appealed as the CA concluded that Wimpey had not offered convincing proof that VI had knowledge of Wimpey's mistakes.
590 ## - LOCAL NOTE (RLIN)
Local note IKA150405
650 ## - SUBJECT ADDED ENTRY--TOPICAL TERM
Topical term or geographic name entry element GEORGE WIMPEY UK LTD V VI CONSTRUCTION LTD
690 ## - LOCAL SUBJECT ADDED ENTRY--TOPICAL TERM (OCLC, RLIN)
Topical term or geographic name as entry element BUILT ENVIRONMENT-CONSTRUCTION MANAGEMENT-BUILDING CONTRACT ADMINISTRATION
942 ## - ADDED ENTRY ELEMENTS (KOHA)
Suppress in OPAC 0
Holdings
Withdrawn status Lost status Source of classification or shelving scheme Damaged status Not for loan Home library Current library Shelving location Date acquired Total Checkouts Full call number Barcode Date last seen Copy number Price effective from Koha item type
    Dewey Decimal Classification     London London Journal article 04/04/2005   L129246 129246-1001 06/08/2019 1 06/08/2019 Journal article